Návrh riešení na zlepšenie rovnováhy medzi pracovným a osobným životom zamestnancov prostredníctvom opatrení v oblasti riadenia ľudských zdrojov

Saved in:
Bibliographic Details
Main Author: Touil Beluská, Dominika (Author)
Other Authors: Gyurák Babeľová, Zdenka (Thesis advisor)
Format: Manuscript Book
Language:Slovak
Published: 2025
Subjects:
Online Access:http://is.stuba.sk/zp/portal_zp.pl?podrobnosti=183796
Tags: Add Tag
No Tags, Be the first to tag this record!

MARC

LEADER 00000ntm a22000003a 4500
001 stuzp103983
003 SK-STU
005 20250614212511.5
007 ta
008 150427s2015----xo-----f-mn---000-0-slo-d
040 |a STU  |b slo 
041 0 |a slo 
100 1 |a Touil Beluská, Dominika  |u 064000  |4 aut  |U MTF Materiálovotechnologická fakulta  |T MTF Ústav priemyselného inžinierstva a manažmentu  |X 127758  |U M4000  |Y 84  |7 127758 
242 0 1 |a Proposing a solution to improve the work-life balance of employees through human resource management tools  |y eng 
245 1 0 |a Návrh riešení na zlepšenie rovnováhy medzi pracovným a osobným životom zamestnancov prostredníctvom opatrení v oblasti riadenia ľudských zdrojov 
260 |c 2025 
650 4 |a work-life balance  |2 eng 
650 4 |a work  |2 eng 
650 4 |a technological tools  |2 eng 
650 4 |a balance  |2 eng 
650 4 |a flexibility  |2 eng 
650 4 |a workplace well being  |2 eng 
650 4 |a work-life balance  |2 slo 
650 4 |a technologické nástroje  |2 slo 
650 4 |a rovnováha  |2 slo 
650 4 |a práca  |2 slo 
650 4 |a pracovná pohoda  |2 slo 
650 4 |a flexibilita  |2 slo 
700 1 |a Gyurák Babeľová, Zdenka  |u 064000  |k Z1  |4 ths  |U MTF Materiálovotechnologická fakulta  |T MTF Ústav priemyselného inžinierstva a manažmentu  |X 4411  |U M4000  |Y 84  |7 A000004411 
856 4 |u http://is.stuba.sk/zp/portal_zp.pl?podrobnosti=183796 
996 |c M* DP-15660  |l MMSKP  |s P  |a 0  |w stuzp103983_0001